Chemical engineering data book (Record no. 36437)

000 -LEADER
fixed length control field 00504nam a22001931 4500
001 - CONTROL NUMBER
control field 36437
003 - CONTROL NUMBER IDENTIFIER
control field BD-DhUET
008 - FIXED-LENGTH DATA ELEMENTS--GENERAL INFORMATION
fixed length control field 871013s1958 enka 000 0 eng u
040 ## - CATALOGING SOURCE
Original cataloging agency DLC
Transcribing agency DLC
Modifying agency BD-DhUET
082 ## - DEWEY DECIMAL CLASSIFICATION NUMBER
Classification number 660.28
Item number ROS/1962
100 ## - MAIN ENTRY--PERSONAL NAME
Personal name Ross, T. K.
245 00 - TITLE STATEMENT
Title Chemical engineering data book
250 ## - EDITION STATEMENT
Edition statement 1st ed.
260 ## - PUBLICATION, DISTRIBUTION, ETC. (IMPRINT)
Place of publication, distribution, etc. London
Name of publisher, distributor, etc. Leonard Hill
Date of publication, distribution, etc. 1962
300 ## - PHYSICAL DESCRIPTION
Extent x,998p.
Other physical details ill.
Dimensions 22 cm.
650 #0 - SUBJECT ADDED ENTRY--TOPICAL TERM
Topical term or geographic name as entry element Chemical engineering-Data processing
700 1# - ADDED ENTRY--PERSONAL NAME
Personal name Freshwater, D. C.
942 ## - ADDED ENTRY ELEMENTS (KOHA)
Koha item type General Book
Holdings
Date acquired Damaged status Koha full call number Location (home branch) Shelving location Price effective from Withdrawn status Copy number Lost status Koha item type Koha normalized classification for sorting Source of classification or shelving scheme Not for loan Piece designation (barcode) Koha date last seen Sublocation or collection (holding branch)
2016-01-07 660.28/ROS/1962Central Library, BUETReference section2016-01-07 1 General Book660_280000000000000_ROS_1962  224682016-01-07Central Library, BUET
2016-01-07 660.28/ROS/1962Central Library, BUETReference section2016-01-07 2 General Book660_280000000000000_ROS_1962  224692016-01-07Central Library, BUET
2016-01-07 660.28/ROS/1962Central Library, BUETReference section2016-01-07 3 General Book660_280000000000000_ROS_1962  224742016-01-07Central Library, BUET
2016-01-07 660.28/ROS/1962Central Library, BUETReference section2016-01-07 4 General Book660_280000000000000_ROS_1962  224732016-01-07Central Library, BUET
2016-01-07 660.28/ROS/1962Central Library, BUETReference section2016-01-07 5 General Book660_280000000000000_ROS_1962  224702016-01-07Central Library, BUET
2016-01-07 660.28/ROS/1962Central Library, BUETReference section2016-01-07 6 General Book660_280000000000000_ROS_1962  224712016-01-07Central Library, BUET
2016-01-07 660.28/ROS/1962Central Library, BUETReference section2016-01-07 7 General Book660_280000000000000_ROS_1962  224752016-01-07Central Library, BUET
2016-01-07 660.28/ROS/1962Central Library, BUETReference section2016-01-07 8 General Book660_280000000000000_ROS_1962  120462016-01-07Central Library, BUET